A vaca púrpura (Registo nº 202867)

Detalhes MARC
000 -Etiqueta do registo
Valores 00591nam 22001933 4500
021 ## - Número do Depósito Legal
Número 290884/09
100 ## - Dados gerais de processamento
Dados gerais 20260703d u||y0pory50 ba
200 ## - Titulo e menção de responsabilidade
Título próprio A vaca púrpura
Primeira menção de responsabilidade Seth Godin
Outras menções de responsabilidade tradução de Ana Saldanha
205 ## - Menção da edição
Edição
210 ## - Publicação
Local de publicação Lisboa
Nome do editor Editorial Presença
Data de publicação 2009
215 ## - Descrição física 
Paginação / Volumes 129 p.
Outras indicações físicas brochado
Dimensões 23 cm
606 ## - Nome comum usado como assunto
ID Autoridade 17711
Palavra de ordem Estratificação social. Diferenciação socialIncluindo: Diferenciação demográfica
675 ## - CDU
Notação 316
Edição PT
Língua por
700 ## - Autor principal (pessoa individual)
ID Autoridade 17712
Apelido Godin
Nome Seth
801 ## - Fonte de origem
País PT
Agência BMMN
Regras de catalogação RPC
830 ## - Notas gerais do catalogador
Criado por Fernando
Indexado por Fernando
990 ## - Elementos KOHA
Tipo de documento Livro
Exemplares
Situação do levantamento Biblioteca de origem Código de barras Cota Permissão de empréstimo Tipo de documento Forma de aquisição
  Biblioteca Municipal de Montemor-o-Novo 32389 316 GOD|DEP   Livro Oferta

Powered by Koha